000 00982nam a22002297a 4500
999 _c21241
_d21241
003 AR-CdUCM
008 190319b ||||| |||| 00| 0 spa d
020 _a9786124722400
040 _aMUNICIPALIDAD PROVINCIAL DEL CUSCO
_cBIBLIOTECA MUNICIPAL DEL CUSCO
082 _a631.7/ G26
_bG26
110 _aGobierno Regional Cusco
_922459
245 _aModelo de intervención del PER Plan MERISS en sistemas de riego para ámbitos Andino Amazónicos /
260 _aCusco :
_bImagen Digital,
_c2016.
300 _a111 Páginas;
_c24 cm.
505 _aContenido: Los ejes estratégicos del modelo de intervención del Plan MERISS -- La concepción y diseño de proyectos -- Infraestructura para riego -- Desarrollo de capacidades en gestión y producción en sistema de riego -- Enfoque Cuenca ...
650 _aIrrigación
_95883
650 _aRiegos
_919535
650 _aAsperción
_919536
650 _aProducción agropecuaria
_941875
942 _2ddc
_cLIBROS
945 _aRoel